00561nam a2200145 a 450000100100000000500170001000800410002704000250006808200160009311101040010924500690021326000640028230000310034650000380037700002684420200930030438.0110325s1985 dr c 000 0 spa d aDO-SdBNPbspacBNPHU axxxbSi577l2 aSimposio latinoamericano de la pequeña y mediana empresan(8 :d1985 jul. 15-18 :cSanto Domingo)10aVIII simposio latinoamericano de la pequeña y mediana empresa. aSanto Domingo :bSecretaría de Estado de Finanzas,c1985. a360 p. :bretrs. ;c28 cm. aIncluye notas al pie de páginas